000 00865nam a2200277 i 4500
003 DO-SdBNP
005 20251126081246.0
007 ta
008 251126b1993 dr ||||| |||| 00| 0 spa d
020 _a8489539006
040 _aDO-SdBNP
_bspa
_cBNPHU
_erda
041 _aspa
082 4 _axxx
_bxxx
_222
100 _aHernández Mejía, Edgar,
_eautor
_4aut.
_916544
245 1 3 _aEl juzgado de instrucción :
_bmanual de procedimiento /
_cEdgar Hernández Mejía
264 4 _aSanto Domingo :
_bEditora de Colores,
_c©1993.
300 _a254 páginas ;
_c21 cm.
336 _atexto
_btxt
_2rdacontent
337 _asin mediación
_bn
_2rdamedia
338 _avolumen
_bnc
_2rdacarrier
500 _aIncluye datos biográficos del autor en las páginas 13-17
504 _a247-254
590 _aInventariado, 2025/BT
910 _aBtavárez
942 _2ddc
_cLBS1
999 _c60072
_d60072